| 000 | 00492nam a22001937a 4500 | ||
|---|---|---|---|
| 003 | NUST - PNEC | ||
| 005 | 20170116181029.0 | ||
| 008 | 150709b xxu||||| |||| 00| 0 eng d | ||
| 020 | _a0070654166 | ||
| 040 | _cLIBRARY | ||
| 082 | _a005.45 TUC | ||
| 100 |
_910979 _aTucker, Alan B. |
||
| 245 |
_aProgramming languages _cAlan B. Tucker |
||
| 250 | _a2nd ed. | ||
| 260 | _cc.1985 | ||
| 300 | _a540 p. : | ||
| 650 |
_916432 _aProgramming Language _xMIS.Computer Science |
||
| 942 |
_2ddc _cBK |
||
| 999 |
_c67672 _d67672 |
||